000 00504nam a2200193Ia 4500
005 20260429112125.0
008 260429s9999||||xx |||||||||||||| ||und||
020 _a9789391382995
041 _aEnglish
082 _a910.4
_bYAD
100 _aYadav, Pinki
245 0 _aFundamentals of environmental geography /
_cPinki Yadav
250 _a1st ed.
260 _aDelhi :
_bSwastik Publications,
_c2025.
300 _avii, 225 p.; hb
650 _a Environment
650 _aGeography
942 _cTB
999 _c52470
_d52470